• 首页
  • 本馆介绍
  • 公告通知
  • 最新文献
  • 馆藏检索
  • 电子资源
  • 读者导购
  • 参考咨询
  • 我的图书馆
  • 登录
  • 详细信息显示
  • 放入我的书架
  • 预约/预借图书
  • 作者相关作品
  • 分类相关作品
  • 丛书相关作品
  • 出版社相关作品

书目信息

  • 表格格式
  • 工作单格式
  • 卡片格式
题名:
情感乐章
    
 
作者: ;张遗善 译注
分册:  
出版信息: 北京   现代出版社  2017.5
页数:
开本: 23cm
丛书名:
单 册:
中图分类: I207.222
科图分类:
主题词: 古体诗--诗集--中国--春秋时代 , 《诗经》--译文 , 《诗经》--注释
电子资源:
ISBN: 978-7-5143-6216-9
000 00817nam0 2200253 450
001 012001004654
005 20140928162350.0
010    @a978-7-5143-6216-9@dCNY26.80
100    @a20170626d2017 em y0chiy0110 ea
101 0  @achi
102    @aCN@b110000
105    @ay z 000yy
106    @ar
200 1  @a情感乐章@9qing gan le zhang@f张遗善译注
210    @a北京@c现代出版社@d2017.5
215    @d23cm
330    @a本书是一部注释《诗经》的书稿,选诗170首,按新诗意分为七章,另外书中附有随笔美文15篇,作者对原作品进行了再创作,自成一家,有非常高的艺术性和可读性。
606 0  @a古体诗@x诗集@y中国@x春秋时代
606 0  @a《诗经》@x译文
606 0  @a《诗经》@x注释
690    @aI207.222@v5
702  0 @a张遗善@9zhang yi shan@4译注
801  0 @aCN@b上海新华@c20180901
905    @b1166680-4@dI207.222@e1138@f5
    
    情感乐章/张遗善译注.-北京:现代出版社,2017.5
    23cm
    
    
    ISBN 978-7-5143-6216-9:CNY26.80
    本书是一部注释《诗经》的书稿,选诗170首,按新诗意分为七章,另外书中附有随笔美文15篇,作者对原作品进行了再创作,自成一家,有非常高的艺术性和可读性。
●
相关链接 在E读中查询图书 在五车中查询图书 在当当中查询图书 在豆瓣中查询图书


正题名:情感乐章     索取号:I207.222/1138         预约/预借

序号 登录号 条形码 馆藏地/架位号 状态 备注
1 1166680   211666801   第一样本阅览室/ [索取号:I207.222/1138] 在馆    
2 1166681   211666810   第二借阅区/ [索取号:I207.222/1138] 在馆    
3 1166682   211666829   第二借阅区/ [索取号:I207.222/1138] 在馆    
4 1166683   211666838   密集书库-文学院/ [索取号:I207.222/1138] 在馆    
5 1166684   211666847   第二借阅区/ [索取号:I207.222/1138] 在馆    
唐山师范学院图书馆 欢迎您!
大连网信软件有限公司© 版权所有